000 00349nam a2200133Ia 4500
005 20250729165814.0
008 250729s2022 xx 000 0 und d
041 _aeng
082 _a370.75 DEVT
100 _aDevika H G
_9233398
245 _aThe Principles of Education
260 _aMysore
_bVismaya Prakashana
_c2022
650 _aEducation
_9233399
999 _c240261
_d240261